• 首页
  • 本馆介绍
  • 公告通知
  • 最新文献
  • 馆藏检索
  • 电子资源
  • 读者导购
  • 参考咨询
  • 我的图书馆
  • 登录
  • 详细信息显示
  • 放入我的书架
  • 预约/预借图书
  • 作者相关作品
  • 分类相关作品
  • 丛书相关作品
  • 出版社相关作品

书目信息

  • 表格格式
  • 工作单格式
  • 卡片格式
题名:
文学的现场
    
 
作者: 杨庆祥 著
分册:  
出版信息: 南京   江苏凤凰文艺出版社  2021
页数: 221页
开本: 21cm
丛书名:
单 册:
中图分类: I206.5 , I206.6
科图分类:
主题词: 中国文学--zhong guo wen xue--近代文学--文学评论--文集 , 中国文学--zhong guo wen xue--现代文学--文学评论--文集
电子资源:
ISBN: 978-7-5594-5146-0
000 00994nam0 2200265 450
001 2151104016
005 20211018173724.0
010    @a978-7-5594-5146-0@dCNY36.00
100    @a20210202d2021 em y0chiy0120 ea
101 0  @achi
102    @aCN@b320000
105    @ay z 000yy
106    @ar
200 1  @a文学的现场@Awen xue de xian chang@f杨庆祥著
210    @a南京@c江苏凤凰文艺出版社@d2021
215    @a221页@d21cm
300    @a文学的可能
330    @a本书主要内容包括:建立根本的评价标准、批评的黄金时代来临了吗?、批评的“无效”与“有效”、批评的“写什么”与“怎么写”、什么是好的批评、美国的现实主义——从卡佛和耶茨谈起、分裂的想象和建构的可能——当下中国的文化主体和文化症候等。
606 0  @a中国文学@Azhong guo wen xue@x近代文学@x文学评论@j文集
606 0  @a中国文学@Azhong guo wen xue@x现代文学@x文学评论@j文集
690    @aI206.5@v5
690    @aI206.6@v5
701  0 @a杨庆祥@Ayang qing xiang@4著
801  0 @aCN@b百万庄@c20211016
905    @b1309820-23@dI206.5@e25@f4
    
    文学的现场/杨庆祥著.-南京:江苏凤凰文艺出版社,2021
    221页;21cm
    文学的可能
    
    ISBN 978-7-5594-5146-0:CNY36.00
    本书主要内容包括:建立根本的评价标准、批评的黄金时代来临了吗?、批评的“无效”与“有效”、批评的“写什么”与“怎么写”、什么是好的批评、美国的现实主义——从卡佛和耶茨谈起、分裂的想象和建构的可能——当下中国的文化主体和文化症候等。
●
相关链接 在E读中查询图书 在五车中查询图书 在当当中查询图书 在豆瓣中查询图书


正题名:文学的现场     索取号:I206.5/25         预约/预借

序号 登录号 条形码 馆藏地/架位号 状态 备注
1 1309820   213098208   第一样本阅览室/ [索取号:I206.5/25] 在馆    
2 1309821   213098217   第二借阅区/ [索取号:I206.5/25] 在馆    
3 1309822   213098226   第二借阅区/ [索取号:I206.5/25] 在馆    
4 1309823   213098235   第二借阅区/ [索取号:I206.5/25] 在馆    
唐山师范学院图书馆 欢迎您!
大连网信软件有限公司© 版权所有